banner-ar

ذيل تاريخ بغداد / (Record no. 59453)

MARC details
000 -الفاتح
حقل البيانات ثابتة الطول 00506nam a2200133Ia 4500
008 - عناصر البيانات ثابتة الطول - معلومات عامة
حقل البيانات ثابتة الطول 140319s9999 xx 000 0 ara d
040 ## - مصدر الفهرسة
وكالة الفهرسة الأصلية GCL /
وكالة النسخ GCL
082 04 - رقم تصنيف ديوى العشرى
رقم التصنيف م
رقم المادة 920.71
-- ن ذ
100 1# - المدخل الرئيسى - إسم شخصى
الإسم الشخصى النجار البغدادى, محمد بن محمود
245 10 - بيان العنوان
العنوان ذيل تاريخ بغداد /
بيان المسئوليه,etc النجار البغدادى, محمد بن محمود
490 ## - بيان السلسلة
عنوان السلسلة شكاوى المصرى الفصيح
رقم المجلد/ التعيين التسلسلي 0
260 ## - PUBLICATION, DISTRIBUTION, ETC. (IMPRINT)
-- [S.N] :
-- دار الكتب العلمية للنشر والتوزيع
Holdings
حالة التراجع حالة الفقد حالة تلف ليس للاعارة المكان المؤقت الموقع الحالى تاريخ الاكتساب اجمالي اﻻعارات رقم الطلب الباركود تاريخ اخر مشاهدة تاريخ تفعيل السعر نوع وعاء كوها
        مكتبة القاهرة الكبرى مكتبة القاهرة الكبرى 03/26/2014   م\920.71\ن ذ 155433 03/26/2014 03/26/2014 المراجع
        مكتبة القاهرة الكبرى مكتبة القاهرة الكبرى 03/26/2014   م\920.71\ن ذ 155434 03/26/2014 03/26/2014 المراجع
        مكتبة القاهرة الكبرى مكتبة القاهرة الكبرى 03/26/2014   م\920.71\ن ذ 155435 03/26/2014 03/26/2014 المراجع

Powered By

EGPV